Score 0/21 Timer 04:00
0 Plays Today
Scrambled Word Answer % Correct
CLAAPAALPACA
87.3%
CANKKKNACK
86.9%
NAMEDDDEMAND
86.4%
THATBUBBATHTUB
86.1%
TEALEELATE
83.4%
THAREHHEARTH
78.6%
NAUUUNAU
78.5%
HATLELLETHAL
76%
LAWWOLWALLOW
73.9%
AGGSABGASBAG
67.3%
RAYLYE YEARLY
64.9%
Scrambled Word Answer % Correct
GRENAR RANGER
62.7%
NORAGEOOREGANO
59%
SCICALS CLASSIC
55.3%
RIPSPAN PARSNIP
33.7%
ONITATNO NOTATION
31%
*LAIRISEISRAELI
28.9%
MISTTARNTRANSMIT
17.5%
ALMWOMERMEALWORM
17.1%
RATESISSATIRES
13.4%
ROPEOFFALMFLAMEPROOF
7.3%
Remove Ads.
Support Sporcle.
Get the best of Sporcle when you Go Orange. This ad-free experience offers more features, more stats, and more fun while also helping to support Sporcle. Thank you for becoming a member.

You're not logged in!

Compare scores with friends on all Sporcle quizzes.
OR
Log In

Show Comments

Extras

Top Quizzes Today


Score Distribution

Your Account Isn't Verified!

In order to create a playlist on Sporcle, you need to verify the email address you used during registration. Go to your Sporcle Settings to finish the process.

Report this User

Report this user for behavior that violates our Community Guidelines.

Details: